Представление документа в формате MARC21

Поле Инд. ПП Название Значение
Тип записи a
Библиографический уровень m
001 Контрольный номер 7660a8a604de4d2e97ee15d7ad1a5602
005 Дата корректировки 20230908115136.4
020 00 a ISBN 978-5-8072-0147-8
084 a Индекс другой классификации/Индекс ББК 67.911.17-32+39.42-082.03
090 00 a Полочн. индекс 67.911.17
x Авторский знак М 43
203 a Вид содержания Текст
c Тип средства непосредственное
245 00 a Заглавие Международная Конвенция по охране человеческой жизни на море 1974 года (текст, измененный Протоколом 1988 г. к ней, с поправками)
c Ответственность АО "Центральный научно-исследовательский и проектно-конструкторский институт морского флота" (АО "ЦНИИМФ")
246 01 a Другая форма заглавия International convention for the safety of life at sea, 1974 (text modified by the Protocol of 1988 relating thereto, including Amendments)
260 00 a Место издания Санкт-Петербург
b Издательство ЦНИИМФ
c Дата издания 2021
300 00 a Объем 1183 с.
500 a Примечание Загл. и текст парал. рус., англ.
520 0_ a Аннотация Издание содержит на русском и английском языках текст Международной конвенции по охране человеческой жизни на море 1974 г. измененный Протоколом 1988 г. к ней, и включает все поправки, принятые конференциями Договаривающихся правительств Конвенции и Комитетом по безопасности на море ИМО по 01.01.2020 г., а также поправки из резолюции MSC.456 (101), вступающие в силу 01.01.2024. Положения Конвенции с поправками являются обязательными в отношении оговоренных в соответствующих главах Конвенции судов, независимо от их флага, даже если государство флага судна не является Договаривающимся правительством этого международного соглашения. Английский текст приводится в качестве одного из официальных языков Конвенции, он является и основным рабочим языком ИМО, и по этой причине, в случае каких-либо разночтений положений текста, предпочтение должно отдаваться тексту на английском языке
650 _4 a Основная рубрика Международная конвенция по охране человеческой жизни на море 1974-Официальные документы
650 04 a Основная рубрика Безопасность плавания судов-Конвенции международные-Официальные документы
653 00 a Ключевые слова Безопасность мореплавания
a Ключевые слова Конвенции ИМО
a Ключевые слова Конвенции международные
a Ключевые слова Международная Конвенция по охране человеческой жизни на море 1974 года
a Ключевые слова Международные морские договоры
a Ключевые слова Организации международные
a Ключевые слова Охрана человеческой жизни
a Ключевые слова СОЛАС-74
a Ключевые слова Резолюция MSC.456 (101)
a Ключевые слова Организации морские
a Ключевые слова Противопожарные системы судов
a Ключевые слова Суда морские
a Ключевые слова Электрические установки
900 a Имя макрообъекта Международная конвенция по охране
901 t Тип документа m